000 00569nam a2200217 a 4500
001 20250
003 CO-ViMGA
008 141112s2004 ck r 000 u spa d
020 _a8424126106
040 _aCO-ViMGA
_bspa
_cCO-ViMGA
082 0 4 _aBOGR
100 1 _aBogart, Jo Ellen
_93246
245 1 0 _aRegalos
260 _aMadrid :
_bEverest,
_cS.A.,
_c2000
300 _a33 p.
490 0 _aColeccion Rascacielos
500 _aA partir de 6 años.
590 _aForma de adquisición : Premio Mincultura
650 1 4 _aCUENTOS INFANTILES
_92743
942 _2ddc
_cBK
999 _c9823
_d9823